000 00576nam a2200253Ia 4500
005 20260121153823.0
008 008 260114s9999 xx 000 0 eng d
020 _a9780203195116
037 _aEBOOK
040 _aCRL
040 _beng
040 _cCRL
041 _2eng
041 _aeng
084 _qCRL
100 _aR. P. Draper
_9999543
245 0 _aD.H. Lawrence
260 _bTaylor and Francis
260 _c1997
856 _uhttp://www.taylorfrancis.com/books/9780203195116
942 _cEBOOK
999 _c1566364
_d1566364